| 000 | 02501nam a2200481 c 4500 | ||
|---|---|---|---|
| 003 | BLK | ||
| 005 | 20250726164847.0 | ||
| 008 | 180408b bul|||||r ||||||| ||bul|| | ||
| 010 | _aKNG00066841000 | ||
| 020 |
_a978-654-474-507-3 _bиздат.: Кибеа |
||
| 040 | _aBLK | ||
| 041 |
_aBUL _cBUL |
||
| 072 | 7 |
_2bullib _aН15 _xПсихология Н |
|
| 080 |
_aХипноза. Сугестия. - Хипнотизиране, внушение, самовнушение, автосугестия _b159.962 _x(02.062) _z159.962(02.062) |
||
| 080 |
_aМислене. Представа - Абстракция. Подбор. Сравнение. Размисъл. Преценка. Мнение. Умозаключение. Индукция. Дедукция. Евристика. Мислене и говорене. Рефлексия (психол.) _b159.955 _x(02.062) _z159.955(02.062) |
||
| 080 |
_aЕтика на бизнеса. Успех _b174.4 _x(02.062) _z174.4(02.062) |
||
| 700 | 1 |
_aСилва, Хосе младши _e* _9290911 |
|
| 100 | 1 |
_aСилва младши, Хосе _eпърви автор _9290912 |
|
| 700 | 1 |
_aБернд младши, Ед _eсъавт. _9277842 |
|
| 700 | 1 |
_aМанушева, Ирина Борисова _9368041 |
|
| 139 |
_aСилва, Хосе младши и др. _bС 36 |
||
| 245 | 1 | 0 |
_aЕфективна сетивна проекция за всеки ден _bКак със силата на мисълта да постигнем успех в живота : Методът Силва _c* Хосе младши Силва; Хосе Силва младши; съавт. Ед Бернд младши; прев. от англ. Ирина Борисова Манушева. |
| 257 | _aUSA | ||
| 260 |
_аСофия _bКибеа _c2009 _fСофия : Инвестпрес |
||
| 300 |
_a336 с. _c20 см |
||
| 380 | _a1 | ||
| 490 | 1 | _aСерия Познай себе си | |
| 500 | _aОриг. загл.Everyday ESP / Jose Silva Jr, Ed Bernd Jr. | ||
| 650 | 4 |
_aСамовнушение _9170150 |
|
| 650 | 4 |
_aАвтотренинг _9146436 |
|
| 650 | 4 |
_aМислене _9162353 |
|
| 650 | 4 |
_aУспех _9174913 |
|
| 653 | _aсамовнушение | ||
| 653 | _aпсихометрия | ||
| 653 | _aсетива | ||
| 659 | _aН | ||
| 852 | _aЦб 252418 | ||
| 856 | 4 |
_qpdf _u |
|
| 856 | 4 |
_qpdf _u |
|
| 942 |
_cKNG _n0 _02 |
||
| 944 |
_aCR _c19.07.2011 _k30550 _lКети Илиева |
||
| 944 |
_aED _c25.01.2012 _k |
||
| 999 |
_c62616 _d62616 |
||